Normal view MARC view

Entry Personal Name

Number of records used in: 1

001 - CONTROL NUMBER

  • control field: 73989

003 - CONTROL NUMBER IDENTIFIER

  • control field: dpl

005 - DATE AND TIME OF LATEST TRANSACTION

  • control field: 20241118172032.0

008 - FIXED-LENGTH DATA ELEMENTS

  • fixed length control field: 241118|| aca||aabn | a|a d

040 ## - CATALOGING SOURCE

  • Original cataloging agency: dpl
  • Transcribing agency: dpl

100 ## - HEADING--PERSONAL NAME

  • Personal name: Swamy, Vigneswara

670 ## - SOURCE DATA FOUND

  • Source citation: Work cat.: (dpl)206771: Swamy, Vigneswara , Public Policy/, 2024

© Delhi Public Library
Hit Counter
free hit counter